000 00525nam a2200181Ia 4500
999 _c14040
_d14040
003 OSt
005 20201015110718.0
008 190216s9999||||xx |||||||||||||| ||und||
020 _a0006179312
040 _coclc
082 _a813.54
_bSHE/O
100 _aSheldon, Sidney
_95160
245 4 _aThe Other Side Of Midnight /
_cSidney Sheldon
260 _bHarper Collins Publishers,
_c1990.
_aNew delhi :
300 _a435p
650 _aEnglish Novel
942 _cBK
_2ddc
_h813.54
_iSHE/O
_k813.54
_mSHE/O